Statistics for "World Capitals" - California Edition

Click here to take the quiz!

General Stats

  • This quiz has been taken 14 times
  • The average score is 2 of 18

Answer Stats

"World ..... Capital"CA City% Correct
GarlicGilroy
62%
AlmondsChico
54%
MediaBurbank
23%
ArtichokeCastroville
23%
StrawberryOxnard
23%
CowboyOakdale
15%
ZinfandelLodi
8%
RaisinSelma
8%
Endurance (Races)Auburn
0%
(Pack) MuleBishop
0%
BroccoliGreenfield
0%
CarrotsHoltville
0%
Flower SeedLompoc
0%
HubcapPearsonville
0%
Fruit BasketReedley
0%
CitrusSanta Paula
0%
Rose GrowingWasco
0%
Bigfoot (Sasquatch)Willow Creek
0%

Score Distribution

Percentile by Number Answered

Percent of People with Each Score

Your Score History

You have not taken this quiz